NCAAM Basketball Logo Quiz: Ohio Valley - Statistics

General Stats
  • This quiz has been taken 172 times
    114 since last reset
  • The average score is 8 of 11
Answer Stats
Picture Answer % Correct
Tennessee St
91%
Morehead St.
87%
Tennessee Tech
87%
Western Illinois
75%
Eastern Illinois
70%
UT Martin
70%
Southeast Missouri St.
67%
Lindenwood
63%
Little Rock
60%
SIU Edwardsville
51%
Southern Indiana
43%
No matching quizzes found
Score Distribution
Percent of People with Each Score
Percentile by Number Answered
Your Score History
You have not taken this quiz since the last reset